[Event "Chigorin Mem Rapid"]
[Site "St Petersburg RUS"]
[Date "2012.10.25"]
[Round "3.7"]
[White "Al Sayed, Mohamad"]
[Black "Shimanov, A."]
[Result "1-0"]
[WhiteElo "2511"]
[BlackElo "2599"]
[PlyCount "79"]
[EventDate "2012.10.25"]
[SourceDate "1999.07.01"]

1. d4 Nf6 2. c4 g6 3. Nc3 Bg7 4. e4 O-O 5. Nf3 d6 6. Be2 e5 7. Be3 Ng4 8. Bg5
f6 9. Bh4 Nc6 10. d5 Ne7 11. Nd2 Nh6 12. g4 f5 13. g5 Nf7 14. f3 Kh8 15. Rg1
Ng8 16. exf5 gxf5 17. Qc2 Qe8 18. g6 hxg6 19. Rxg6 e4 20. O-O-O e3 21. Nb3 Ne5
22. Rg2 Qh5 23. Rdg1 Bh6 24. Bg5 f4 25. Nd4 Bh3 26. Bxh6 Qxh6 27. Rg5 Ne7 28.
Qe4 Ng8 29. Rxe5 dxe5 30. Qxe5+ Nf6 31. Ne6 Bxe6 32. dxe6 c6 33. Ne4 Rae8 34.
Rg5 Re7 35. Rf5 Kg7 36. Rxf4 Rxe6 37. Rg4+ Kf7 38. Ng5+ Kg8 39. Qxe6+ Kh8 40.
Rg3 1-0

[Event "Chigorin Memorial"]
[Site "St Petersburg RUS"]
[Date "2012.10.31"]
[Round "5.8"]
[White "Savchenko, B."]
[Black "Smirin, I."]
[Result "0-1"]
[WhiteElo "2540"]
[BlackElo "2638"]
[PlyCount "94"]
[EventDate "2012.10.27"]
[SourceDate "1999.07.01"]

1. d4 Nf6 2. c4 g6 3. Nc3 Bg7 4. e4 d6 5. Nf3 O-O 6. Be2 e5 7. d5 Na6 8. O-O
Nc5 9. Qc2 a5 10. Bg5 h6 11. Be3 b6 12. Nd2 Bg4 13. f3 Bd7 14. Rfe1 Nh5 15. Bf1
f5 16. b3 Nf6 17. a3 fxe4 18. Ncxe4 Ncxe4 19. Nxe4 Nxe4 20. fxe4 Qh4 21. b4 Rf7
22. c5 bxc5 23. bxc5 Raf8 24. c6 Bc8 25. Rab1 Kh7 26. g3 Qh5 27. Rb8 Rxf1+ 28.
Rxf1 Rxf1+ 29. Kxf1 Qf3+ 30. Bf2 Ba6+ 31. Kg1 a4 32. Rb4 Bc8 33. Rb1 Bh3 34.
Ba7 h5 35. Ra1 Bh6 36. Qf2 Qxe4 37. Qf7+ Bg7 38. Qf2 Qxd5 39. Qc2 Qf3 40. Re1
Bh6 41. Qf2 Qxc6 42. Be3 Bg7 43. g4 Bxg4 44. Qf7 Bh3 45. Re2 d5 46. Kf2 d4 47.
Bxd4 exd4 0-1

[Event "Chigorin Memorial"]
[Site "St Petersburg RUS"]
[Date "2012.10.31"]
[Round "5.10"]
[White "Socko, B."]
[Black "Levin, Ev"]
[Result "1-0"]
[WhiteElo "2619"]
[BlackElo "2516"]
[PlyCount "101"]
[EventDate "2012.10.27"]
[SourceDate "1999.07.01"]

1. d4 Nf6 2. c4 g6 3. Nc3 Bg7 4. e4 d6 5. Nf3 O-O 6. Be2 e5 7. Be3 Na6 8. O-O
Ng4 9. Bg5 Qe8 10. h3 f6 11. Bd2 Nh6 12. dxe5 dxe5 13. c5 c6 14. Bxa6 bxa6 15.
Qa4 Nf7 16. Rad1 Rb8 17. b3 Kh8 18. Be3 f5 19. exf5 gxf5 20. Rfe1 Rb7 21. Qh4
a5 22. Ng5 Nxg5 23. Bxg5 Rb4 24. f4 Qf7 25. Rd6 Rd4 26. Ne2 Re4 27. Nc1 exf4
28. Bxf4 Bc3 29. Re3 Bg7 30. Nd3 Rfe8 31. Rd8 Qg8 32. Ne5 Qe6 33. Rd6 Rxe3 34.
Rxe6 Bxe6 35. Bxe3 Bxe5 36. Bd4 Bxd4+ 37. Qxd4+ Kg8 38. Qe5 Bf7 39. Qxf5 Bd5
40. Qg5+ Kf8 41. Qf6+ Kg8 42. g4 a4 43. bxa4 Rf8 44. Qg5+ Kf7 45. h4 Bf3 46.
Kf2 Ke6 47. Qh6+ Rf6 48. Qxf6+ Kxf6 49. Kxf3 Ke5 50. g5 Kf5 51. a5 1-0

[Event "Chigorin Memorial"]
[Site "St Petersburg RUS"]
[Date "2012.11.03"]
[Round "8.16"]
[White "Al Sayed, Mohamad"]
[Black "Vorobiov, E."]
[Result "1/2-1/2"]
[WhiteElo "2511"]
[BlackElo "2598"]
[PlyCount "93"]
[EventDate "2012.10.27"]
[SourceDate "1999.07.01"]

1. d4 Nf6 2. c4 g6 3. Nc3 Bg7 4. e4 d6 5. Nf3 O-O 6. Be2 e5 7. O-O Nbd7 8. Be3
Qe7 9. Qc2 c6 10. d5 c5 11. Bg5 a6 12. Rab1 h6 13. Bh4 Qe8 14. b4 Nh5 15. bxc5
Nxc5 16. Nd2 Nf4 17. f3 b5 18. cxb5 Nxe2+ 19. Nxe2 axb5 20. Bf2 Bd7 21. Nb3 Na4
22. Qd2 Qe7 23. Rfc1 Rfc8 24. Na5 Bf8 25. Nc6 Qe8 26. Rxb5 Bxc6 27. dxc6 Rxc6
28. Rxc6 Qxc6 29. Qd5 Qxd5 30. exd5 Rc8 31. Rb4 Nc3 32. Nxc3 Rxc3 33. Kf1 Rc1+
34. Be1 Rc5 35. a4 Rxd5 36. Rb8 Rd1 37. a5 Ra1 38. Ke2 f5 39. Bc3 Ra4 40. Kd3
e4+ 41. Kc2 d5 42. Kb3 Ra3+ 43. Kb2 Ra4 44. Rd8 e3 45. Rxd5 e2 46. Re5 Bb4 47.
Rxe2 1/2-1/2

[Event "4th Marcel Duchamp GM"]
[Site "Buenos Aires ARG"]
[Date "2012.10.31"]
[Round "9"]
[White "Peralta, Fe"]
[Black "Flores, Di"]
[Result "1/2-1/2"]
[WhiteElo "2593"]
[BlackElo "2598"]
[PlyCount "81"]
[EventDate "2012.10.23"]
[SourceDate "1999.07.01"]

1. d4 Nf6 2. c4 g6 3. Nc3 Bg7 4. e4 d6 5. Nf3 O-O 6. Be2 e5 7. dxe5 dxe5 8.
Qxd8 Rxd8 9. Bg5 Nbd7 10. O-O-O Rf8 11. Nd5 c6 12. Ne7+ Kh8 13. Be3 Re8 14.
Nxc8 Raxc8 15. g4 Nf8 16. Nd2 Ne6 17. g5 Nd7 18. Bg4 Rc7 19. Bxe6 Rxe6 20. Nb3
f6 21. Bxa7 fxg5 22. Nc5 Re7 23. Nxd7 Rcxd7 24. Bc5 Rf7 25. Rxd7 Rxd7 26. Rd1
Rxd1+ 27. Kxd1 g4 28. b4 Kg8 29. b5 Kf7 30. Be3 Ke6 31. Kc2 Kd7 32. a4 Bf6 33.
Kd3 Bd8 34. Bc5 Bg5 35. Be3 Bd8 36. c5 h5 37. b6 Kc8 38. a5 Be7 39. Ke2 Bd8 40.
Kd3 Be7 41. Ke2 1/2-1/2

[Event "TCh-ISL 2012-13"]
[Site "Reykjavik ISL"]
[Date "2012.10.05"]
[Round "1.1"]
[White "Gretarsson, Hj"]
[Black "Jones, G."]
[Result "1/2-1/2"]
[WhiteElo "2512"]
[BlackElo "2641"]
[PlyCount "132"]
[EventDate "2012.10.05"]
[SourceDate "1999.07.01"]
[WhiteTeam "Hellir A"]
[BlackTeam "Godinn-Matar A"]

1. d4 Nf6 2. c4 g6 3. Nc3 Bg7 4. e4 d6 5. Nf3 O-O 6. Be2 e5 7. O-O c6 8. dxe5
dxe5 9. Be3 Qe7 10. h3 Na6 11. a3 Nh5 12. Re1 Nc5 13. Qc2 Ne6 14. Rad1 Nhf4 15.
Bf1 Qf6 16. Nh2 Nd4 17. Qc1 Nb3 18. Qc2 Nd4 19. Qc1 Re8 20. Kh1 g5 21. Ne2
Ndxe2 22. Bxe2 h5 23. Rd2 Qg6 24. Qc2 g4 25. hxg4 hxg4 26. Bf1 f5 27. exf5 Bxf5
28. Qd1 Re6 29. g3 Qh5 30. Bxf4 exf4 31. Rxe6 Bxe6 32. Rd8+ Rxd8 33. Qxd8+ Bf8
34. gxf4 Kf7 35. Be2 Be7 36. Qd1 Qh4 37. Bxg4 Bxc4 38. Kg2 Qf6 39. Qc2 Qxf4 40.
Qh7+ Ke8 41. Qh8+ Bf8 42. Qc3 Bd5+ 43. Bf3 Qg5+ 44. Kf1 Bg7 45. Qe1+ Kf7 46.
Qb4 Qc1+ 47. Kg2 Bxf3+ 48. Nxf3 Qxb2 49. Qa5 Qf6 50. Qxa7 Qe7 51. Qa4 b5 52.
Qc2 Qd7 53. Qe4 Kg8 54. a4 bxa4 55. Qxa4 Qd5 56. Qa8+ Kh7 57. Qb7 Qe4 58. Qf7
c5 59. Kg3 Kh6 60. Qf4+ Qxf4+ 61. Kxf4 c4 62. Ke4 Kh5 63. Nd2 c3 64. Kd3 cxd2
65. Kxd2 Kg4 66. f4 Kxf4 1/2-1/2

[Event "TCh-ISL 2012-13"]
[Site "Reykjavik ISL"]
[Date "2012.10.06"]
[Round "3.3"]
[White "Olafsson, H1."]
[Black "Baklan, V."]
[Result "1/2-1/2"]
[WhiteElo "2547"]
[BlackElo "2619"]
[PlyCount "55"]
[EventDate "2012.10.05"]
[SourceDate "1999.07.01"]
[WhiteTeam "Taflfelag Vestmannaeyja A"]
[BlackTeam "Taflfelag Bolungarvikur A"]

1. d4 Nf6 2. Nf3 g6 3. c4 Bg7 4. Nc3 O-O 5. e4 d6 6. Be2 e5 7. O-O exd4 8. Nxd4
Re8 9. f3 c6 10. Kh1 Nbd7 11. Bg5 Qb6 12. Nb3 a5 13. Na4 Qb4 14. Nc1 d5 15. Nd3
Qe7 16. cxd5 cxd5 17. e5 Nxe5 18. Nb6 Rb8 19. Nxd5 Qd8 20. N3f4 Nc6 21. Rc1 h6
22. Nxf6+ Bxf6 23. Qxd8 Bxd8 24. Bxd8 Rxd8 25. Rfd1 Rxd1+ 26. Rxd1 g5 27. Nh5
Be6 28. a3 1/2-1/2

[Event "TCh-AUT 2012-13"]
[Site "Hohenems AUT"]
[Date "2012.11.02"]
[Round "1.2"]
[White "Buhmann, R."]
[Black "Markus, Rob"]
[Result "1/2-1/2"]
[WhiteElo "2594"]
[BlackElo "2619"]
[PlyCount "40"]
[EventDate "2012.11.02"]
[EventType "team"]
[SourceDate "1999.07.01"]
[WhiteTeam "SK MPO Maria Saal"]
[BlackTeam "SK Sparkasse Jenbach"]

1. Nf3 Nf6 2. c4 g6 3. Nc3 Bg7 4. e4 d6 5. d4 O-O 6. Be2 e5 7. O-O Nbd7 8. Re1
c6 9. Bf1 Re8 10. Rb1 a5 11. d5 Nc5 12. b3 Bd7 13. a3 cxd5 14. cxd5 b5 15. b4
axb4 16. Rxb4 Qa5 17. Nd2 Na6 18. Rb3 Nc5 19. Rb4 Na6 20. Rb3 Nc5 1/2-1/2

[Event "TCh-CZE Extraliga 2012-13"]
[Site "Czech Republic CZE"]
[Date "2012.11.04"]
[Round "2.5"]
[White "Cvek, R."]
[Black "Rausis, I."]
[Result "0-1"]
[WhiteElo "2541"]
[BlackElo "2512"]
[PlyCount "48"]
[EventDate "2012.11.03"]
[SourceDate "1999.07.01"]
[WhiteTeam "1. Novoborsky SK"]
[BlackTeam "BSS Frydek-Mistek"]

1. c4 Nf6 2. Nf3 g6 3. Nc3 Bg7 4. e4 d6 5. d4 O-O 6. Be2 e5 7. d5 a5 8. O-O Na6
9. Qc2 Bd7 10. b3 Nc5 11. Be3 Ng4 12. Bxc5 dxc5 13. h3 Nf6 14. Nxe5 Nxd5 15.
Nxd7 Nb4 16. Qd1 Bxc3 17. Rc1 Bd4 18. Nxf8 Nxa2 19. Rc2 Nb4 20. Nxg6 Nxc2 21.
Qxc2 hxg6 22. Kh1 Kg7 23. f4 Qd7 24. Bg4 Qxg4 0-1

[Event "TCh-HUN 2012-13"]
[Site "Dunaharaszti HUN"]
[Date "2012.09.16"]
[Round "1"]
[White "Sedlak, N."]
[Black "Jovanovic, Zo CRO"]
[Result "1/2-1/2"]
[WhiteElo "2538"]
[BlackElo "2516"]
[PlyCount "47"]
[EventDate "2012.09.16"]
[SourceDate "1999.07.01"]
[WhiteTeam "Hungaropharma Decs"]
[BlackTeam "Dunaharaszti MTK"]

1. d4 d6 2. Nf3 Nf6 3. c4 g6 4. Nc3 Bg7 5. e4 O-O 6. Be2 e5 7. O-O c6 8. d5 Na6
9. Ne1 c5 10. a3 Nd7 11. Nd3 Qe7 12. Bd2 f5 13. f3 f4 14. b4 g5 15. g4 h5 16.
h3 Rf6 17. Rb1 Rh6 18. Kg2 Kf7 19. Rh1 b6 20. Qa4 Nf8 21. Rbg1 Ng6 22. Kf1 Nc7
23. Nf2 Bd7 24. Qb3 1/2-1/2

[Event "TCh-HUN 2012-13"]
[Site "Dunaharaszti HUN"]
[Date "2012.09.16"]
[Round "1"]
[White "Gonda, L."]
[Black "Pap, G."]
[Result "1/2-1/2"]
[WhiteElo "2528"]
[BlackElo "2569"]
[PlyCount "138"]
[EventDate "2012.09.16"]
[SourceDate "1999.07.01"]
[WhiteTeam "Dunaharaszti MTK"]
[BlackTeam "Hungaropharma Decs"]

1. Nf3 g6 2. d4 Nf6 3. c4 Bg7 4. Nc3 O-O 5. e4 d6 6. Be2 e5 7. O-O exd4 8. Nxd4
Re8 9. f3 c6 10. Nc2 Na6 11. Be3 d5 12. cxd5 cxd5 13. Bb5 Bd7 14. Bxd7 Qxd7 15.
exd5 Nb4 16. Nxb4 Rxe3 17. Qd2 Rae8 18. Nc2 R3e5 19. Rfe1 Bf8 20. Rxe5 Rxe5 21.
Re1 Bc5+ 22. Kh1 Rxe1+ 23. Nxe1 Qf5 24. Nd3 Bd6 25. Nf2 Qh5 26. Nh3 Qh4 27. Qf2
Qc4 28. Qe2 Qxe2 29. Nxe2 Nxd5 30. Nf2 f5 31. Nd3 Kf7 32. Kg1 Bc7 33. Kf2 Bb6+
34. Ke1 Ba5+ 35. Kf2 Bb6+ 36. Ke1 Kf6 37. Nef4 Ne3 38. g3 g5 39. Ne2 h5 40. h3
a6 41. Nc3 Bd4 42. Ke2 Ke6 43. g4 h4 44. gxf5+ Kxf5 45. Ne4 b6 46. Nd6+ Ke6 47.
Ne4 Kf5 48. Nd6+ Kf6 49. Ne4+ Kg6 50. f4 gxf4 51. Kf3 Kf5 52. Nd6+ Ke6 53. Ne4
Nd5 54. Kg4 Be3 55. Ng5+ Kf6 56. Nf3 a5 57. Nxh4 a4 58. Ng2 Bd4 59. Ngxf4 Ne3+
60. Kf3 Nc4 61. Ke4 Bxb2 62. Nxb2 Nxb2 63. Nd5+ Kg5 64. Nxb6 Kh4 65. Kd4 Kxh3
66. Kc3 a3 67. Kb3 Nd3 68. Kxa3 Nc1 69. Kb2 Nxa2 1/2-1/2

[Event "34th Rashid Nezhmetdinov Cup"]
[Site "Kazan RUS"]
[Date "2012.10.04"]
[Round "9.3"]
[White "Volkov, Sergey1"]
[Black "Goganov, A."]
[Result "0-1"]
[WhiteElo "2575"]
[BlackElo "2525"]
[PlyCount "108"]
[EventDate "2012.09.25"]
[SourceDate "1999.07.01"]

1. d4 Nf6 2. c4 g6 3. Nc3 Bg7 4. e4 d6 5. Be2 O-O 6. Nf3 e5 7. Be3 exd4 8. Nxd4
Re8 9. f3 c6 10. Bf2 d5 11. exd5 cxd5 12. O-O Nc6 13. c5 Re5 14. Qd2 Qf8 15.
Ncb5 Bd7 16. b4 a6 17. Nxc6 Bxc6 18. Nd4 Ba4 19. Bd1 Bxd1 20. Rfxd1 Nd7 21.
Rab1 Rae8 22. a4 Bh6 23. Qc3 Be3 24. c6 Bxf2+ 25. Kxf2 bxc6 26. Qxc6 Qe7 27. h3
Nf6 28. Qc5 Qd8 29. Qa5 Qe7 30. Qc5 Qd8 31. Qa5 Qb8 32. b5 Rg5 33. Qd2 Qg3+ 34.
Kf1 axb5 35. axb5 Nh5 36. Rb2 Rge5 37. f4 Nxf4 38. Qf2 Qc3 39. Rc2 Qb4 40. Qd2
Qd6 41. Rc6 Qe7 42. b6 Re4 43. Rc7 Qf6 44. Rc6 Qe7 45. Rc7 Qa3 46. Ra7 Qc5 47.
Ra2 Qxb6 48. Rb2 Qf6 49. Kg1 Qg5 50. Rf1 Nxh3+ 51. Kh2 Qe5+ 52. Kxh3 Qh5+ 53.
Kg3 Qh4+ 54. Kf3 Rxd4 0-1

[Event "Baku Open 2012"]
[Site "Baku AZE"]
[Date "2012.09.25"]
[Round "4.6"]
[White "Korobov, A."]
[Black "Mamedov, Rau"]
[Result "1/2-1/2"]
[WhiteElo "2705"]
[BlackElo "2634"]
[PlyCount "31"]
[EventDate "2012.09.22"]
[SourceDate "1999.07.01"]

1. d4 Nf6 2. c4 g6 3. Nc3 Bg7 4. e4 d6 5. Nf3 O-O 6. Be2 e5 7. O-O exd4 8. Nxd4
Re8 9. f3 Nc6 10. Nc2 Nh5 11. g4 Be5 12. gxh5 Bxh2+ 13. Kxh2 Qh4+ 14. Kg1 Qg3+
15. Kh1 Qh3+ 16. Kg1 1/2-1/2

[Event "Vladivostok Russian Cup 2012"]
[Site "Vladivostok RUS"]
[Date "2012.09.20"]
[Round "4.6"]
[White "Belozerov, A."]
[Black "Inarkiev, E."]
[Result "1/2-1/2"]
[WhiteElo "2506"]
[BlackElo "2683"]
[PlyCount "246"]
[EventDate "2012.09.17"]
[SourceDate "1999.07.01"]

1. d4 Nf6 2. c4 g6 3. Nc3 Bg7 4. e4 d6 5. Nf3 O-O 6. Be2 e5 7. O-O Nc6 8. d5
Ne7 9. b4 c6 10. dxc6 bxc6 11. Bg5 a5 12. b5 cxb5 13. Bxf6 Bxf6 14. Nxb5 Ra6
15. Qd3 Be6 16. Rfd1 Nc8 17. Rac1 Rc6 18. Qa3 Qb6 19. Rb1 Qa6 20. c5 Rxc5 21.
Nxd6 Qxe2 22. Qxc5 Nxd6 23. Qxd6 Rd8 24. Rb8 Rxb8 25. Qxb8+ Kg7 26. Qb1 Bxa2
27. Qd3 Qb2 28. Qd2 Qxd2 29. Rxd2 Bb1 30. Rd5 a4 31. Ra5 Bc2 32. Ne1 Bxe4 33.
Rxa4 Bf5 34. Nf3 Bd3 35. Ra5 e4 36. Ne5 Be2 37. g3 h5 38. Kg2 Bd1 39. Rd5 Bb3
40. Rb5 Be6 41. f4 exf3+ 42. Kxf3 Be7 43. Ra5 Bb4 44. Rb5 Bd6 45. Ke4 Bc7 46.
Rc5 Bd8 47. Nf3 Bh3 48. Kf4 f6 49. Nd4 Bb6 50. Rc4 g5+ 51. Ke3 Kg6 52. Rb4 Bc7
53. Rb7 Bd6 54. Rb6 Ba3 55. Ra6 Bc1+ 56. Kf2 Bb2 57. Ke3 Bf1 58. Ra2 Bc3 59.
Nc6 Bb5 60. Rc2 Bxc6 61. Rxc3 Bg2 62. Rc2 Bh1 63. Rc5 h4 64. gxh4 gxh4 65. Kf4
h3 66. Rc3 Bg2 67. Ra3 Bf1 68. Kg4 Bg2 69. Ra1 f5+ 70. Kf4 Kf6 71. Ra6+ Ke7 72.
Rh6 Kd7 73. Kxf5 Bf1 74. Ke5 Bg2 75. Rd6+ Kc7 76. Ke6 Bh1 77. Rd3 Bg2 78. Rc3+
Kb6 79. Ke5 Kb5 80. Kd4 Kb6 81. Rc5 Bh1 82. Rc8 Bg2 83. Rc3 Kb5 84. Rc1 Kb6 85.
Rc5 Bh1 86. Kc4 Bg2 87. Rf5 Kc6 88. Rf6+ Kd7 89. Kc5 Ke7 90. Rh6 Kd7 91. Rd6+
Ke7 92. Rd1 Ke6 93. Re1+ Kd7 94. Re3 Bf1 95. Kd5 Bg2+ 96. Ke5 Kc6 97. Rc3+ Kb5
98. Rc2 Kb6 99. Rc1 Kb5 100. Kd4 Kb6 101. Rc5 Bh1 102. Kc4 Bg2 103. Kb4 Bh1
104. Rc1 Bg2 105. Rc3 Bf1 106. Kb3 Bg2 107. Kc2 Kb5 108. Kd3 Kb6 109. Ke3 Kb5
110. Kf2 Kb4 111. Rc1 Kb5 112. Kg3 Kb6 113. Kg4 Kb5 114. Rc3 Kb6 115. Rxh3
Bxh3+ 116. Kxh3 Kc7 117. Kg4 Kd7 118. Kf5 Ke7 119. Kg6 Kf8 120. h4 Kg8 121. h5
Kh8 122. h6 Kg8 123. h7+ Kh8 1/2-1/2

[Event "Vladivostok Russian Cup 2012"]
[Site "Vladivostok RUS"]
[Date "2012.09.22"]
[Round "6.5"]
[White "Maletin, P."]
[Black "Inarkiev, E."]
[Result "1/2-1/2"]
[WhiteElo "2587"]
[BlackElo "2683"]
[PlyCount "82"]
[EventDate "2012.09.17"]
[SourceDate "1999.07.01"]

1. Nf3 Nf6 2. c4 g6 3. Nc3 Bg7 4. d4 O-O 5. e4 d6 6. Be2 e5 7. O-O Nc6 8. d5
Ne7 9. Ne1 Nd7 10. Be3 f5 11. f3 f4 12. Bf2 g5 13. Rc1 Ng6 14. c5 Nxc5 15. b4
Na6 16. Nb5 Rf7 17. Nxa7 Nxb4 18. Qb3 Na6 19. Nxc8 Qxc8 20. Nd3 h5 21. h3 Nf8
22. a4 b6 23. a5 bxa5 24. Ra1 Nb8 25. Rfc1 Nbd7 26. Be1 Nf6 27. Rxa5 g4 28.
Nxe5 dxe5 29. d6 Rxa5 30. Rxc7 Qe6 31. Qxe6 Nxe6 32. Bxa5 Nf8 33. Bc4 N6d7 34.
hxg4 hxg4 35. fxg4 Bf6 36. Bc3 Kg7 37. g3 fxg3 38. g5 Bd8 39. Bxf7 Kxf7 40.
Bxe5 Ke6 41. Bxg3 Bxg5 1/2-1/2

[Event "1st Simon Bolivar Open 2012"]
[Site "San Cristobal VEN"]
[Date "2012.09.27"]
[Round "4.4"]
[White "Ortiz Suarez, I."]
[Black "Almeida Quintana, O."]
[Result "1/2-1/2"]
[WhiteElo "2576"]
[BlackElo "2520"]
[PlyCount "63"]
[EventDate "2012.09.25"]
[SourceDate "1999.07.01"]

1. d4 Nf6 2. c4 g6 3. Nc3 Bg7 4. e4 d6 5. Nf3 O-O 6. Be2 e5 7. O-O Nbd7 8. Re1
Re8 9. d5 Nc5 10. Bf1 a5 11. b3 c6 12. Rb1 Bd7 13. a3 cxd5 14. cxd5 Qb8 15. a4
Rc8 16. Nd2 Bh6 17. Nc4 Bxc1 18. Qxc1 Ra6 19. Qd2 Qc7 20. f3 Ne8 21. Rec1 Qd8
22. Qe3 Raa8 23. Na3 Nc7 24. Bb5 Nxb5 25. Ncxb5 Bxb5 26. Nxb5 Qe7 27. Rc4 b6
28. f4 exf4 29. Qxf4 Rd8 30. Rf1 Rd7 31. Rf3 Re8 32. h3 1/2-1/2

[Event "21st TCh-CRO 1a 2012"]
[Site "Sibenik CRO"]
[Date "2012.09.28"]
[Round "6.13"]
[White "Lenic, L."]
[Black "Kozul, Z."]
[Result "1-0"]
[WhiteElo "2640"]
[BlackElo "2616"]
[PlyCount "109"]
[EventDate "2012.09.23"]
[SourceDate "1999.07.01"]
[WhiteTeam "SK Liburnija, Rijeka"]
[BlackTeam "HASK Mladost, Zagreb"]

1. d4 Nf6 2. c4 d6 3. Nf3 g6 4. Nc3 Bg7 5. e4 O-O 6. Be2 e5 7. O-O Nbd7 8. Qc2
c6 9. d5 c5 10. Bg5 b6 11. a3 Qe7 12. g3 Re8 13. b4 Bb7 14. Nd2 Qf8 15. Nb3
Rec8 16. Be3 a5 17. bxa5 bxa5 18. Rfb1 Rcb8 19. Nb5 a4 20. Nd2 Ne8 21. Ra2 Bh6
22. Bxh6 Qxh6 23. Rab2 Bc8 24. Nc3 Rxb2 25. Rxb2 Ndf6 26. Nf1 Qf8 27. Qb1 Bh3
28. Rb8 Rxb8 29. Qxb8 Bxf1 30. Bxf1 Qh6 31. Qb2 Qg5 32. Qc2 h5 33. Nxa4 h4 34.
Nc3 hxg3 35. hxg3 Ng4 36. Bh3 Nef6 37. a4 Qh6 38. Bg2 Nxf2 39. Qxf2 Qc1+ 40.
Qf1 Qe3+ 41. Qf2 Qc1+ 42. Bf1 Qxc3 43. Qxf6 Qxg3+ 44. Kh1 Qe1 45. Qf3 Qa1 46.
Qf6 Qxa4 47. Qxd6 Qd1 48. Qf6 Qe1 49. Qf3 Kf8 50. Kg1 Kg7 51. Qd3 f5 52. exf5
e4 53. Qh3 g5 54. d6 e3 55. d7 1-0

[Event "FIDE WGP Ankara 2012"]
[Site "Ankara TUR"]
[Date "2012.09.21"]
[Round "5"]
[White "Zhao Xue"]
[Black "Ju Wenjun"]
[Result "1-0"]
[WhiteElo "2549"]
[BlackElo "2528"]
[PlyCount "108"]
[EventDate "2012.09.16"]
[SourceDate "1999.07.01"]

1. d4 Nf6 2. c4 g6 3. Nc3 Bg7 4. e4 d6 5. Nf3 O-O 6. Be2 e5 7. Be3 Na6 8. O-O
Ng4 9. Bg5 Qe8 10. h3 h6 11. Bh4 exd4 12. Nxd4 Nf6 13. Bf3 Nh7 14. g4 h5 15.
Qd2 c6 16. Rae1 Nc5 17. Bd1 a6 18. Nf5 gxf5 19. exf5 Qd7 20. b4 hxg4 21. Bxg4
Nf6 22. bxc5 dxc5 23. Qxd7 Bxd7 24. Na4 Rae8 25. Nb6 Bc8 26. Rxe8 Rxe8 27. Rd1
Nxg4 28. hxg4 Bc3 29. Rd3 Bd4 30. Kg2 Kg7 31. Rb3 Re4 32. Nxc8 b5 33. Nd6 Re2
34. Ra3 Be5 35. Rxa6 Bxd6 36. cxb5 Be5 37. Rxc6 Bd4 38. a3 Ra2 39. b6 Rxa3 40.
b7 Rb3 41. Rc7 Be5 42. f6+ Kg6 43. Rxc5 Bf4 44. Rc4 Bb8 45. f4 Rxb7 46. f5+ Kh7
47. Re4 Rb2+ 48. Kf3 Bd6 49. g5 Rb5 50. Kg4 Rd5 51. Re8 Bc5 52. Bg3 Bb4 53. Rb8
Bc3 54. Rf8 Rd7 1-0

[Event "TCh-CHN 2012"]
[Site "Tianjin CHN"]
[Date "2012.07.13"]
[Round "9"]
[White "Zhao Xue"]
[Black "Ju Wenjun"]
[Result "1/2-1/2"]
[WhiteElo "2543"]
[BlackElo "2557"]
[PlyCount "57"]
[EventDate "2012.04.28"]
[SourceDate "1999.07.01"]
[WhiteTeam "Beijing AIGO Team"]
[BlackTeam "Shanghai Jianqiao Academy Team"]

1. d4 Nf6 2. c4 g6 3. Nc3 Bg7 4. e4 d6 5. Nf3 O-O 6. Be2 e5 7. O-O Nc6 8. d5
Ne7 9. b4 Nh5 10. g3 f5 11. Ng5 Nf6 12. Bf3 fxe4 13. Ncxe4 Nf5 14. Bg2 Nxe4 15.
Nxe4 a5 16. b5 b6 17. a4 h6 18. Bb2 g5 19. Qd3 Qe8 20. Rae1 Qf7 21. Nd2 Bd7 22.
Re2 Ne7 23. Be4 Bh3 24. Rfe1 Kh8 25. Qc2 Qf6 26. Qd3 Qf7 27. Qc2 Qf6 28. Qd3
Qf7 29. Qc2 1/2-1/2

[Event "40th Olympiad Open"]
[Site "Istanbul TUR"]
[Date "2012.09.03"]
[Round "6.2"]
[White "Kozul, Z."]
[Black "Mamedov, Rau"]
[Result "1/2-1/2"]
[WhiteElo "2616"]
[BlackElo "2634"]
[PlyCount "66"]
[EventDate "2012.08.28"]
[SourceDate "1999.07.01"]
[WhiteTeam "Croatia"]
[BlackTeam "Azerbaijan"]
[WhiteTeamCountry "FRM"]
[BlackTeamCountry "BHN"]

1. d4 Nf6 2. Nf3 g6 3. c4 Bg7 4. Nc3 O-O 5. e4 d6 6. Be2 e5 7. O-O exd4 8. Nxd4
Re8 9. f3 Nc6 10. Be3 Nh5 11. Qd2 Nxd4 12. Bxd4 Nf4 13. Rfd1 Bxd4+ 14. Qxd4
Nxe2+ 15. Nxe2 b6 16. Nc3 Bb7 17. Rac1 Qg5 18. Nd5 Bxd5 19. cxd5 Re7 20. Qd2
Qe5 21. Rc4 b5 22. Rc2 f5 23. exf5 Qxf5 24. Qd3 Re1+ 25. Kf2 Rxd1 26. Qxd1 Re8
27. Rxc7 Qf6 28. Qc1 Qh4+ 29. Kf1 Qxh2 30. Qc3 Qh1+ 31. Kf2 Qh4+ 32. Kf1 Qh1+
33. Kf2 Qh4+ 1/2-1/2

[Event "40th Olympiad Open"]
[Site "Istanbul TUR"]
[Date "2012.09.03"]
[Round "6.29"]
[White "Ghaem Maghami, E."]
[Black "Morovic Fernandez, I."]
[Result "1/2-1/2"]
[WhiteElo "2579"]
[BlackElo "2575"]
[PlyCount "70"]
[EventDate "2012.08.28"]
[SourceDate "1999.07.01"]
[WhiteTeam "Iran"]
[BlackTeam "Chile"]
[WhiteTeamCountry "MDA"]
[BlackTeamCountry "EGY"]

1. d4 Nf6 2. c4 g6 3. Nc3 Bg7 4. e4 d6 5. Nf3 O-O 6. Be2 e5 7. O-O Nc6 8. d5
Ne7 9. b4 Nh5 10. g3 f5 11. Ng5 Nf6 12. Bf3 c6 13. b5 cxd5 14. cxd5 fxe4 15.
Ncxe4 Nxe4 16. Bxe4 h6 17. Ne6 Bxe6 18. dxe6 d5 19. Ba3 dxe4 20. Qxd8 Rfxd8 21.
Bxe7 Re8 22. Bb4 Rxe6 23. Rfe1 a6 24. bxa6 Rexa6 25. a3 Bf8 26. Rxe4 Bxb4 27.
Rxb4 Rxa3 28. Rxa3 Rxa3 29. Rxb7 e4 30. Re7 Ra1+ 31. Kg2 Re1 32. g4 g5 33. h3
Kh8 34. Kh2 Kg8 35. Kg3 Rg1+ 1/2-1/2

[Event "40th Olympiad Open"]
[Site "Istanbul TUR"]
[Date "2012.09.04"]
[Round "7.20"]
[White "Smith, Ax"]
[Black "Skoberne, J."]
[Result "0-1"]
[WhiteElo "2503"]
[BlackElo "2552"]
[PlyCount "66"]
[EventDate "2012.08.28"]
[SourceDate "1999.07.01"]
[WhiteTeam "Sweden"]
[BlackTeam "Slovenia"]
[WhiteTeamCountry "BNN"]
[BlackTeamCountry "ZAR"]

1. d4 Nf6 2. c4 g6 3. Nc3 Bg7 4. e4 d6 5. Be2 O-O 6. Nf3 e5 7. O-O exd4 8. Nxd4
Re8 9. f3 c6 10. Be3 d5 11. cxd5 cxd5 12. Qb3 Nc6 13. Rad1 Qe7 14. Nxd5 Nxd5
15. Qxd5 Nxd4 16. Bxd4 Be6 17. Qa5 b6 18. Qa4 Bxd4+ 19. Rxd4 Red8 20. b3 Rxd4
21. Qxd4 Rd8 22. Qe3 Qa3 23. Qg5 Rd4 24. Rd1 Qb2 25. h4 Rxd1+ 26. Bxd1 Qd4+ 27.
Kh2 Qxd1 28. h5 Qd4 29. h6 f6 30. Qc1 Qe5+ 31. Kh1 Qh5+ 32. Kg1 Qc5+ 33. Qxc5
bxc5 0-1

[Event "40th Olympiad Open"]
[Site "Istanbul TUR"]
[Date "2012.09.07"]
[Round "10.14"]
[White "Lenic, L."]
[Black "Saric, Iv"]
[Result "1/2-1/2"]
[WhiteElo "2640"]
[BlackElo "2638"]
[PlyCount "150"]
[EventDate "2012.08.28"]
[SourceDate "1999.07.01"]
[WhiteTeam "Slovenia"]
[BlackTeam "Croatia"]
[WhiteTeamCountry "ZAR"]
[BlackTeamCountry "FRM"]

1. d4 Nf6 2. c4 g6 3. Nc3 Bg7 4. e4 d6 5. Nf3 O-O 6. Be2 e5 7. O-O Na6 8. Be3
Ng4 9. Bg5 Qe8 10. dxe5 dxe5 11. Qc1 f6 12. Bd2 f5 13. c5 c6 14. Bxa6 bxa6 15.
Re1 f4 16. Ne2 Nh6 17. Qc4+ Kh8 18. Ba5 g5 19. Rad1 g4 20. Rd8 Qxd8 21. Bxd8
gxf3 22. Ba5 fxe2 23. f3 Rb8 24. Rxe2 Nf7 25. Rd2 Bf6 26. b4 Kg7 27. Bc7 Rb7
28. Ba5 Re7 29. a4 Rfe8 30. Kf1 Re6 31. Ke1 Be7 32. Bc7 Bg5 33. Kf2 R6e7 34.
Ba5 Bh4+ 35. Kf1 Re6 36. Bc7 Rg6 37. Rd6 Re7 38. Rxg6+ hxg6 39. Ba5 Rd7 40. b5
Rd4 41. Qb3 axb5 42. axb5 cxb5 43. g3 fxg3 44. hxg3 Bxg3 45. Kg2 Bf4 46. Qxb5
Be6 47. Qa6 Ng5 48. Qb7+ Kh6 49. Qb8 Rc4 50. Qh8+ Nh7 51. Bd8 Rc2+ 52. Kg1 Rc1+
53. Kg2 Rc2+ 54. Kg1 Rxc5 55. Bf6 Rc7 56. Bxe5 Rc1+ 57. Kf2 Rc2+ 58. Ke1 Bxe5
59. Qxe5 Bf7 60. f4 Rc6 61. Qe7 Kg7 62. Qxa7 Nf6 63. Qa1 Re6 64. e5 Nh5 65. Qd4
Ng3 66. Kf2 Nf5 67. Qc3 Kh7 68. Kf3 Nh6 69. Qc7 Kg7 70. Qc3 Kg8 71. Qc8+ Re8
72. Qd7 Re6 73. Qc8+ Kg7 74. Qc3 Nf5 75. Kg4 Nh6+ 1/2-1/2